Особенности оптических свойств сильно легированного GaAs:Te в условиях коррелированного распределения примеси: автореферат диссертации на соискание ученой степени кандидата физико-математических наук; спец. 01.04.10

Dettagli Bibliografici
Autore principale: Сидоров Е. Н. Евгений Николаевич
Ente Autore: Российская академия наук (РАН) Сибирское отделение (СО) Институт физики полупроводников (ИФП) Омский филиал
Altri autori: Давлеткильдеев Н. А. Надим Анварович (научный руководитель)
Riassunto:Защита сост. 24.06.2010 г.
Lingua:russo
Pubblicazione: Томск, 2010
Soggetti:
Natura: MixedMaterials Libro
KOHA link:https://koha.lib.tpu.ru/cgi-bin/koha/opac-detail.pl?biblionumber=182683

MARC

LEADER 00000nam0a2200000 4500
001 182683
005 20231101223717.0
035 |a (RuTPU)RU\TPU\book\198029 
090 |a 182683 
100 |a 20100624d2010 k y0rusy50 ca 
101 0 |a rus 
102 |a RU 
105 |a a dm 001zy 
200 1 |a Особенности оптических свойств сильно легированного GaAs:Te в условиях коррелированного распределения примеси  |e автореферат диссертации на соискание ученой степени кандидата физико-математических наук  |e спец. 01.04.10  |f Е. Н. Сидоров  |g Российская академия наук (РАН), Сибирское отделение (СО), Институт физики полупроводников (ИФП), Омский филиал ; науч. рук. Н. А. Давлеткильдеев 
210 |a Томск  |d 2010 
215 |a 19 с.  |c ил. 
300 |a Защита сост. 24.06.2010 г. 
320 |a Библиогр.: с. 17-19 (32 назв.). 
606 1 |a Полупроводники легированные  |2 stltpush  |3 (RuTPU)RU\TPU\subj\50649  |9 69301 
610 1 |a полупроводниковые твердые растворы 
610 1 |a арсенид галлия 
610 1 |a примеси 
610 1 |a корреляционные эффекты 
610 1 |a фотолюминесценция 
610 1 |a энергетические спектры 
610 1 |a заряды 
610 1 |a свободные носители 
610 1 |a авторефераты диссертаций 
675 |a 537.311.322(04)  |v 3 
686 |a 01.04.10  |2 oksvnk 
700 1 |a Сидоров  |b Е. Н.  |g Евгений Николаевич 
702 1 |a Давлеткильдеев  |b Н. А.  |g Надим Анварович  |4 727 
712 0 2 |a Российская академия наук (РАН)  |b Сибирское отделение (СО)  |b Институт физики полупроводников (ИФП)  |b Омский филиал  |2 stltpush  |3 (RuTPU)RU\TPU\col\13400 
801 1 |a RU  |b 63413507  |c 20100624 
801 2 |a RU  |b 63413507  |c 20100823  |g RCR 
942 |c BK